000 00641nam a2200193 i 4500
001 73473
003 ES-MaACL
005 20240530130342.0
007 t|
008 041015s1972 sp |||| | spa d
100 1 _aMachado, Antonio,
_d1875-1939
_975151
245 1 4 _aLos complementarios /
_cAntonio Machado ; edición crítica de Domingo Ynduráin.
260 _a[Madrid] :
_bTaurus,
_c[1972] (
_fClosas Orcoyen)
300 _a2 v. ;
_c16 cm.
505 8 _aContiene: I. Edición facsímil - II. Texto crítico
700 0 _aYnduráin, Domingo,
_d1943-2003
_9117645
852 _aES-MaACL
_jC-55473-74
999 _c73473
_d73473